Name the Country by HDI Ranking 2021 - Statistics

General Stats
  • This quiz has been taken 49 times
  • The average score is 26 of 30
Answer Stats
Conitnent Answer % Correct
Europe Norway
97%
Europe Ireland
95%
Asia Japan
95%
Europe Sweden
95%
Europe United Kingdom
95%
North America Canada
92%
Europe Denmark
92%
Europe Finland
92%
Europe France
92%
Europe Germany
92%
Europe Netherlands
92%
Asia Singapore
92%
Oceania Australia
89%
Europe Belgium
89%
Europe Iceland
89%
Europe Luxembourg
89%
Oceania New Zealand
89%
Europe Switzerland
89%
North America United States
89%
Europe Italy
86%
Asia South Korea
86%
Asia Israel
84%
Europe Liechtenstein
84%
Europe Spain
84%
Europe Austria
81%
Europe Slovenia
81%
Europe Malta
78%
Europe Czech Republic
76%
Europe Estonia
65%
Asia China
59%
No matching quizzes found
Score Distribution
Percent of People with Each Score
Percentile by Number Answered
Your Score History
You have not taken this quiz